| 000 | 01451cam a22003134a 4500 | ||
|---|---|---|---|
| 001 | 13995084 | ||
| 005 | 20210414114036.0 | ||
| 008 | 050608s2006 enka b 001 0 eng | ||
| 010 | _a 2005048117 | ||
| 020 | _a0321269667 (pbk.) | ||
| 020 | _a9780321269669 (pbk.) | ||
| 035 | _a(OCoLC)ocm60605272 | ||
| 040 |
_aDLC _cDLC _dOCLCQ _dBAKER _dC#P _dDLC |
||
| 042 | _apcc | ||
| 050 | 0 | 0 | _aQA76.76.H94M58 |
| 082 | 0 | 0 |
_a006.7/4 _222 |
| 100 | 1 | _aMøller, Anders. | |
| 245 | 1 | 3 |
_aAn introduction to XML and web technologies / _cAnders Møller and Michael I. Schwartzbach. |
| 260 |
_aHarlow, England ; _aNew York : _bAddison-Wesley, _c2006. |
||
| 300 |
_axxii, 542 p. : _bill. ; _c24 cm. |
||
| 504 | _aIncludes bibliographical references (p. 529-533) and index. | ||
| 505 | _aContents: XML technologies: HTML and web pages -- XML documents -- Navigating XML documents with XSLT -- Querying XML documents with Xquery -- XML programming -- Web technologies: The HTTP protocol -- Programming web applications with servlets -- Programming web applications with JSP -- Web services -- A Complete application. | ||
| 650 | 0 | _aXML (Document markup language) | |
| 650 | 0 | _aWorld Wide Web. | |
| 700 | 1 | _aSchwartzbach, Michael I. | |
| 906 |
_a7 _bcbc _corignew _d1 _eocip _f20 _gy-gencatlg |
||
| 942 |
_2lcc _cBK |
||
| 999 |
_c1564 _d9064 |
||